ՀՀ Գիտությունների ազգային ակադեմիայի հիմնարար գիտական գրադարան  =   Fundamental Scientific Library of NAS RA

Տառերի զրույցը : (Record no. 131261)

MARC details
000 -LEADER
fixed length control field 00894nam a2200217 u 4500
001 - CONTROL NUMBER
control field 000344889
003 - CONTROL NUMBER IDENTIFIER
control field AM-YeHGA
005 - DATE AND TIME OF LATEST TRANSACTION
control field 20250618072142.0
008 - FIXED-LENGTH DATA ELEMENTS--GENERAL INFORMATION
fixed length control field 040618s1975 ai r 000 0 arm d
040 ## - CATALOGING SOURCE
Original cataloging agency AM-YeHGA
041 0# - LANGUAGE CODE
Language code of text/sound track or separate title arm
090 ## - LOCALLY ASSIGNED LC-TYPE CALL NUMBER (OCLC); LOCAL CALL NUMBER (RLIN)
-- 132627
100 1# - MAIN ENTRY--PERSONAL NAME
Personal name Վարդանյան, Հովհաննես Հովսեփի
245 10 - TITLE STATEMENT
Title Տառերի զրույցը :
Remainder of title [Մանկական բանաստեղծություններ] /
Statement of responsibility, etc. Հ. Հ. Վարդանյան; Խմբ.՝ Ս.Խ. Օհանյան; Նկ.՝ Ռ.Ս. Բաբայան.
260 ## - PUBLICATION, DISTRIBUTION, ETC.
Place of publication, distribution, etc. Երևան :
Name of publisher, distributor, etc. Լույս,
Date of publication, distribution, etc. 1975.
300 ## - PHYSICAL DESCRIPTION
Extent 40 էջ :
Other physical details գունանկ. ;
Dimensions 16 սմ.
650 14 - SUBJECT ADDED ENTRY--TOPICAL TERM
Topical term or geographic name entry element Հայ մանկական գրականություն
General subdivision Բանաստեղծություն
700 1# - ADDED ENTRY--PERSONAL NAME
Personal name Օհանյան, Ս.Խ.
Relator term խմբ.
Relationship edt
700 1# - ADDED ENTRY--PERSONAL NAME
Personal name Բաբայան, Ռաֆայել Սուրենի,
Dates associated with a name 1927-1994
Relator term նկ.
Relationship art
9 (RLIN) 2853
942 ## - ADDED ENTRY ELEMENTS (KOHA)
Source of classification or shelving scheme Universal Decimal Classification
Koha item type Գրքեր / Books
Holdings
Withdrawn status Lost status Damaged status Not for loan Collection Home library Current library Date acquired Total checkouts Full call number Barcode Date last seen Cost, replacement price Price effective from Koha item type Public note
        General Fundamental Scientific Library Fundamental Scientific Library 22/12/2016   AI/14154 FL0054240 22/12/2016 13.00 22/12/2016 Գրքեր / Books 30 Days Loan


ՀՀ ԳԱԱ հիմնարար գիտական գրադարան
ՀՀ,Երևան 0019
Մարշալ Բաղրամյան 24/6
հեռախոս:(374-10) 52-47-50
Հետադարձ կապ

All site content, except where otherwise noted, is licensed under a
Creative Commons License